000 00751nam a2200205 i 4500
001 65707
003 ES-MaACL
005 20230906165442.0
007 t|
008 040120s1958 sp |||| | spa d
100 1 _aFuenmayor Gordón, Pablo de.
_952823
245 1 4 _aLas cárceles de Villa
_b: notas para su estudio /
_cPablo de Fuenmayor Gordón.
260 _aMadrid :
_bAyuntamiento de Madrid, Sección de Cultura,
_c1958 (
_fArtes Gráf. Municipales)
300 _a34 p. ;
_c24 cm.
595 _aTirada aparte de: Revista de la Biblioteca, Archivo y Museo, año 24, v. 69.
650 4 _aEstablecimientos penitenciarios-
_zMadrid.
_9143330
710 1 _aMadrid.
_bAyuntamiento
_9234069
852 _aES-MaACL
_j2001-F-3
999 _c65707
_d65707